Predikcia budúceho vývoja podniku ako významná zložka podnikovej diagnostiky
Prognostika patrí k základným manažérskym činnostiam. Je založená na predvídaní budúcnosti na základe analýzy minulosti. Prognostika a jej súčasť, plánovanie, je kontinuálny proces, ktorý vychádza z reálnych hodnôt súčasnosti a minulosti a vo forme vývojových trendov ich aplikuje pre budúcnosť. Ide...
Saved in:
| Main Author: | |
|---|---|
| Format: | Book Chapter |
| Language: | Slovak |
| Subjects: | |
| Tags: |
No Tags, Be the first to tag this record!
|
MARC
| LEADER | 00000nla$a2200000$$$4500 | ||
|---|---|---|---|
| 001 | 0103995 | ||
| 005 | 20240502072133.3 | ||
| 041 | 0 | |a slo | |
| 044 | |a SK | ||
| 245 | 1 | 0 | |a Predikcia budúceho vývoja podniku ako významná zložka podnikovej diagnostiky |c Anna Neumannová |
| 520 | |a Prognostika patrí k základným manažérskym činnostiam. Je založená na predvídaní budúcnosti na základe analýzy minulosti. Prognostika a jej súčasť, plánovanie, je kontinuálny proces, ktorý vychádza z reálnych hodnôt súčasnosti a minulosti a vo forme vývojových trendov ich aplikuje pre budúcnosť. Ide o premietnutie myšlienkových pochodov o budúcnosti do kvantitatívnych závislostí. Práve z tohto dôvodu je predikcia budúceho vývoja stanovená prognostickými metódami, nevyhnutnou súčasťou podnikovej diagnostiky, ale aj podnikovej terapeutiky. | ||
| 610 | 2 | 0 | |a diagnostika podniková |
| 610 | 2 | 0 | |a prognózy |
| 610 | 2 | 0 | |a metódy kvantitatívne |
| 610 | 2 | 0 | |a vývoj podniku |
| 610 | 2 | 0 | |a rozhodovanie podnikové |
| 610 | 2 | 0 | |a rozhodovanie strategické |
| 100 | 1 | |a Neumannová, Anna | |